| 000 | 00486nam a2200157 i 4500 | ||
|---|---|---|---|
| 001 | 38415 | ||
| 003 | ES-MaACL | ||
| 005 | 20230906155743.0 | ||
| 007 | t| | ||
| 008 | 030225s1947 sp ||||1| spa d | ||
| 100 | 1 |
_aCallejón, Nicolás-Miguel. _933741 |
|
| 245 | 1 | 0 |
_aEntre la sierra y el llano _b: poesías / _cNicolás-Miguel Callejón. |
| 260 |
_aMadrid : _b[s.n., _c1947] ( _fImp. Sèz) |
||
| 300 |
_a131 p., 1 lám. : _bretr. aut. ; _c19 cm. |
||
| 852 |
_aES-MaACL _jD-5903 _bR.31251 |
||
| 999 |
_c38415 _d38415 |
||